| 000 | 01705nam a2200385 c 4500 | ||
|---|---|---|---|
| 003 | BLK | ||
| 005 | 20180422101907.0 | ||
| 008 | 180408b bul|||||r ||||||| ||bul|| | ||
| 010 | _aKNG00059317000 | ||
| 020 |
_a954-745-075-1 _bиздат.: Регалия 6 - на том(ч. 2) |
||
| 040 | _aBLK | ||
| 041 |
_aBUL _cBUL |
||
| 080 |
_aОснови на математиката в основното образование _b372.47 _x(076)(075.2) _z372.47(076)(075.2) |
||
| 080 |
_aМетодика на математиката _b372.851 _x(076)(075.2) _z372.851(076)(075.2) |
||
| 700 | 1 |
_aДимитров, Димитър Георгиев _eсъстав. _9364131 |
|
| 139 |
_aМатематически състезания в текстове и задачи _bМ 39 |
||
| 245 | 1 | 0 |
_aМатематически състезания в текстове и задачи _bІІ - VІІ кл. : Ч. 1 - 2 _cсъстав. Димитър Георгиев Димитров. _nЧ. 2 _pV - VІІ клас |
| 257 | _aBGR | ||
| 260 |
_аСофия _c2003 - |
||
| 300 | _c24 см | ||
| 380 | _a3 | ||
| 650 | 4 |
_aМатематика - задачи - учебници за основни училища _9242716 |
|
| 653 | _aматематика | ||
| 653 | _aматематически състезания | ||
| 653 | _aзадачи | ||
| 653 | _aтестове | ||
| 653 | _aучебни помагала | ||
| 653 | _aV кл. - VІІ кл. | ||
| 760 | 1 |
_3- на том(ч. 2) _dРегалия 6, 2005 _h224 с. : с черт. _tЧ. 2 V - VІІ клас |
|
| 852 | _aЦб 217149 | ||
| 856 | 4 |
_qpdf _u |
|
| 856 | 4 |
_qpdf _u |
|
| 942 |
_cKNG _n0 |
||
| 944 |
_aCR _c04.05.2006 _kВиолета_Тройчева |
||
| 944 |
_aED _c17.09.2014 _k |
||
| 999 |
_c55349 _d55349 |
||